Asia in the Middle Ages - Statistics

General Stats
  • This quiz has been taken 418 times
    393 since last reset
  • The average score is 12 of 20
Answer Stats
Question Answer % Correct
Genghis Khan was the founder and the first Great Khan of what empire? Mongol
100%
During the Middle Ages the city of Jerusalem was important to three major religions. Which one was not among them? Buddhism
78%
Who was the leader of China during Marco Polo's travels? Kublai Khan
78%
What is a supreme military ruler called in medieval Japan? Shogun
78%
What is the name of the Muslim government that ruled the Islamic Empire during the Middle Ages? Caliphate
74%
In which city was the religion of Islam founded by the prophet Muhammad? Mecca
74%
What is the most sacred book of the Islamic Religion? Quran
74%
Where did Muhammad take his followers on a journey called the Hijrah (migration)? Medina
70%
Marco Polo travel through Asia in 13th century. Where was he from? Venice
70%
What nation invaded the Kievan Rus and brought the empire to an end in the 13th century? Mongols
67%
Early forms of chess originated in which present country around the 6th century? India
63%
How many basic acts or pillars are forming the framework of Islam? Five
56%
Who founded the Ottoman Empire in 1299? Osman I
56%
Where was the Middle Age hero Sinbad the Sailor from according to the stories of 1001 Nights? Iraq
52%
Who did Marco Polo travel with to Asia? His father and uncle
48%
Which people killed the father of Genghis Khan, so he decided to avenge him? Tartars
48%
What ruler of the Kievan Rus converted the nation to Christianity? Vladimir the Great
37%
Who were the first leaders of the Islamic community after Muhammad? The Four Rightly Guided Caliphs
22%
What city served as the first capital city of the Caliphate? Medina
19%
How was Fatimah related to Muhammad in the Islamic world? Daughter
15%
No matching quizzes found
Score Distribution
Percent of People with Each Score
Percentile by Number Answered
Your Score History
You have not taken this quiz since the last reset